logo

Bir Sreshtho Munshi Abdur Rouf Library
Jhenaidah Cadet College

বাউলতত্ত্ব / (Record no. 1786)

MARC details
000 -LEADER
fixed length control field 00659nam a2200229 a 4500
001 - CONTROL NUMBER
JCCL Control Number 1786
003 - CONTROL NUMBER IDENTIFIER
JCCL marc code BD-JhCC
005 - DATE AND TIME OF LATEST TRANSACTION
control field 20190506134015.0
008 - FIXED-LENGTH DATA ELEMENTS--GENERAL INFORMATION
fixed length control field 171024s2014 bg |||| |||| 001 0 ben d
020 ## - INTERNATIONAL STANDARD BOOK NUMBER
International Standard Book Number 9847015802066
035 ## - SYSTEM CONTROL NUMBER
system control number (BD-JhCC)1786
040 ## - CATALOGING SOURCE
Original cataloging agency BD-JhCC
Modifying agency BD-JhCC
041 ## - LANGUAGE CODE
Language code of Book ben
082 ## - DEWEY DECIMAL CLASSIFICATION NUMBER
Classification number 782.42162
Author mark and Year SHA 2014
100 ## - MAIN ENTRY--PERSONAL NAME
Personal name শরীফ, আহমদ
245 ## - TITLE STATEMENT
Title বাউলতত্ত্ব /
Statement of responsibility, etc আহমদ শরীফ
260 ## - PUBLICATION, DISTRIBUTION, ETC. (IMPRINT)
Place of publication, distribution, etc ঢাকা :
Name of publisher, distributor, etc বুকস্ ফেয়ার,
Date of publication, distribution, etc ২০১৪.
300 ## - PHYSICAL DESCRIPTION
Pagination ২২২ পৃ . :
Dimensions ২১ সেমি.
650 ## - SUBJECT ADDED ENTRY--TOPICAL TERM
Topical term or geographic name as entry element Folk songs
942 ## - ADDED ENTRY ELEMENTS (KOHA)
Source of classification or shelving scheme Dewey Decimal Classification
Koha item type Books
Koha issues (borrowed), all copies 1
Holdings
Source of classification or shelving scheme Damaged status Not for loan Home library Current library Shelving location Date of accession Source of acquisition Cost, normal purchase price Total Checkouts Full call number Barcode Date last seen Date checked out Copy number Koha item type
Dewey Decimal Classification     JCC Rouf Library JCC Rouf Library General Stacks 10/24/2017 Abu Daud Khan 280.00 1 782.42162 SHA 2014 2713 06/24/2019 05/05/2019 C-1 Books

JCC Library | Contacts | JCC Home

Last Update on 23 September 2017
Copyright @ 2017-2020 JCC Rouf Library
Rouf Library, Jhenidah Cadet College (JCC), Bangladesh